| 000 | 00508nam a2200193 4500 | ||
|---|---|---|---|
| 008 | b xx# fre u | ||
| 010 | _a52790 | ||
| 020 | _a2825119679 | ||
| 020 | _a9782825119679 | ||
| 040 | _aLB-BrCRDP | ||
| 082 | _aF:F/C819t | ||
| 100 | 1 | _aCornuz, Odile | |
| 130 | 1 | _lFR | |
| 245 | 1 | 0 |
_aTerminus _bcourts textes conçus pour la radio ... _cOdile Cornuz |
| 260 |
_aLausanne _bL'Age d'Homme _c2005 |
||
| 300 |
_a115p. ; _c21cm |
||
| 942 | _cBK | ||
| 999 |
_c13607 _d13607 |
||